[Event "Thüringenliga 2011/2012"]
[Site "?"]
[Date "2012.04.01"]
[Round "8"]
[White "Koch, Stefan"]
[Black "Zeidler, Andreas"]
[Result "0-1"]
[WhiteElo "1924"]
[BlackElo "2119"]
[PlyCount "114"]
[EventDate "2011.??.??"]
[WhiteTeam "SC Suhl"]
[BlackTeam "SV 1861 Liebschwitz"]

1. e4 d6 2. d4 Nf6 3. Nc3 e5 4. dxe5 dxe5 5. Qxd8+ Kxd8 6. Bg5 Be6 7. O-O-O+
Nbd7 8. Nd5 Kc8 9. f3 Bc5 10. Kb1 c6 11. Nxf6 gxf6 12. Bh4 h5 13. Ne2 Kc7 14.
Nc1 Rag8 15. Nd3 Be3 16. Bf2 Bxf2 17. Nxf2 h4 18. g4 hxg3 19. hxg3 Rxh1 20.
Nxh1 Rh8 21. Nf2 Rh2 22. Rd2 f5 23. exf5 Bxf5 24. Kc1 Nc5 25. Kd1 Ne6 26. c3
Ng5 27. Ke2 e4 28. f4 Nf3 29. Rd1 Be6 30. Ke3 f5 31. a3 Bb3 32. Rc1 Bd5 33. c4
Be6 34. c5 b6 35. b4 Rh8 36. Be2 Rg8 37. Nh1 Nh2 38. Rd1 bxc5 39. bxc5 Bd5 40.
Rb1 Ng4+ 41. Bxg4 Rxg4 42. Rb4 Rg7 43. Ra4 Kc8 44. Rb4 Bf7 45. Kd4 Bh5 46. Ke5
Bf3 47. Nf2 Rxg3 48. Kxf5 e3 49. Ne4 e2 50. Nd6+ Kd8 51. Kf6 Rg6+ 52. Kxg6 e1=Q
53. Rb8+ Kd7 54. Rb7+ Ke6 55. f5+ Kd5 56. f6 Qg3+ 57. Kf7 Kxc5 0-1

[Event "Thüringenliga 2011/2012"]
[Site "?"]
[Date "2012.04.01"]
[Round "8"]
[White "Hermannsdörfer, Frank"]
[Black "Neubauer, Alfred"]
[Result "1-0"]
[WhiteElo "2145"]
[BlackElo "1519"]
[PlyCount "41"]
[EventDate "2011.??.??"]
[WhiteTeam "SV 1861 Liebschwitz"]
[BlackTeam "SC Suhl"]

1. c4 e6 2. Nc3 Nf6 3. d4 d5 4. cxd5 Nxd5 5. e4 Nxc3 6. bxc3 Be7 7. Nf3 Nd7 8.
Bd3 O-O 9. h4 f5 10. exf5 exf5 11. Bc4+ Kh8 12. Ng5 Bxg5 13. hxg5 Qe7+ 14. Kf1
g6 15. Bf4 c6 16. Qf3 Re8 17. Qg3 b5 18. Bb3 Qe2+ 19. Kg1 Qg4 20. Bf7 Qxg3 21.
Bxg3 1-0

[Event "Thüringenliga 2011/2012"]
[Site "?"]
[Date "2012.04.01"]
[Round "8"]
[White "Will, Ralph"]
[Black "Katzer, Michael"]
[Result "1/2-1/2"]
[WhiteElo "1726"]
[BlackElo "1848"]
[PlyCount "62"]
[EventDate "2011.??.??"]
[WhiteTeam "SC Suhl"]
[BlackTeam "SV 1861 Liebschwitz"]

1. d4 Nf6 2. c4 e6 3. g3 Bb4+ 4. Bd2 Qe7 5. a3 Bxd2+ 6. Nxd2 Nc6 7. Ngf3 a5 8.
Bg2 a4 9. O-O d6 10. Re1 O-O 11. e4 e5 12. d5 Nb8 13. b4 axb3 14. Nxb3 Na6 15.
a4 Nd7 16. a5 Ndc5 17. Nxc5 Nxc5 18. Nd2 Bd7 19. Qb1 f5 20. f3 Ra7 21. Nb3 fxe4
22. fxe4 Nxb3 23. Qxb3 Rfa8 24. Qb2 Rxa5 25. Rxa5 Rxa5 26. Qxb7 Rc5 27. Qb3 h6
28. Ra1 Kh7 29. h4 Bg4 30. Kh2 h5 31. Qd3 Qd8 1/2-1/2

[Event "Thüringenliga 2011/2012"]
[Site "?"]
[Date "2012.04.01"]
[Round "8"]
[White "Fuhrmann, Christian"]
[Black "Kastner, Peter"]
[Result "1/2-1/2"]
[WhiteElo "1803"]
[BlackElo "1994"]
[PlyCount "36"]
[EventDate "2011.??.??"]
[WhiteTeam "SC Suhl"]
[BlackTeam "SV 1861 Liebschwitz"]

1. d4 Nf6 2. c4 g6 3. Nc3 Bg7 4. e4 d6 5. f3 O-O 6. Be3 c6 7. Qd2 a6 8. a4 a5
9. Bd3 e5 10. d5 Na6 11. Nge2 Nb4 12. Rd1 Qe7 13. Bb1 Ne8 14. O-O f5 15. Bg5
Bf6 16. Bxf6 Qxf6 17. exf5 gxf5 18. Ng3 Qh4 1/2-1/2

[Event "Thüringenliga 2011/2012"]
[Site "?"]
[Date "2012.04.01"]
[Round "8"]
[White "Biel, Maik"]
[Black "Herbst, Sven"]
[Result "1-0"]
[WhiteElo "1998"]
[BlackElo "1594"]
[PlyCount "65"]
[EventDate "2011.??.??"]
[WhiteTeam "SV 1861 Liebschwitz"]
[BlackTeam "SC Suhl"]

1. d4 b6 2. c4 e6 3. Nc3 Bb7 4. Nf3 Bb4 5. Qc2 f5 6. a3 Bxc3+ 7. Qxc3 Nf6 8. e3
Ne4 9. Qc2 O-O 10. Bd3 c5 11. O-O g5 12. Nd2 Nxd2 13. Bxd2 cxd4 14. exd4 Nc6
15. Bc3 Qf6 16. Rad1 Nxd4 17. Bxd4 Qxd4 18. Bxf5 Qg7 19. Bxh7+ Kh8 20. Be4 Bxe4
21. Qxe4 Rac8 22. Qe2 Rf5 23. Rd2 Qf7 24. Rfd1 d5 25. cxd5 exd5 26. Re1 Rf4 27.
Qe5+ Kh7 28. Qxg5 Re4 29. Red1 Rc5 30. b4 Qe6 31. h3 Rc7 32. Rxd5 Rg7 33. Qh5+
1-0

[Event "Thüringenliga 2011/2012"]
[Site "?"]
[Date "2012.04.01"]
[Round "8"]
[White "Müller, Bernd"]
[Black "Meissner, Steffen"]
[Result "0-1"]
[WhiteElo "1738"]
[BlackElo "1786"]
[PlyCount "54"]
[EventDate "2011.??.??"]
[WhiteTeam "SC Suhl"]
[BlackTeam "SV 1861 Liebschwitz"]

1. e4 c5 2. Nf3 Nc6 3. d4 cxd4 4. Nxd4 Nf6 5. Nc3 e5 6. Nb3 Bb4 7. f3 d5 8.
exd5 Bxc3+ 9. bxc3 Qxd5 10. Bd3 O-O 11. Ba3 Re8 12. Nd2 Qa5 13. Bb2 Qc7 14. Ne4
Nxe4 15. Bxe4 Be6 16. Qd2 Na5 17. Qf2 Nc4 18. Bc1 f5 19. Bd3 e4 20. fxe4 fxe4
21. Bxc4 Bxc4 22. Be3 Rad8 23. Qf4 Qa5 24. Rd1 Rxd1+ 25. Kxd1 Qxc3 26. Qg5 h6
27. Qh4 Qxe3 0-1

[Event "Thüringenliga 2011/2012"]
[Site "?"]
[Date "2012.04.01"]
[Round "8"]
[White "Buring, Matthias"]
[Black "Schneider, Christian"]
[Result "1/2-1/2"]
[WhiteElo "1924"]
[BlackElo "2199"]
[PlyCount "94"]
[EventDate "2011.??.??"]
[WhiteTeam "SG Arnstadt-Stadtilm"]
[BlackTeam "SG Blau-Weiß Stadtilm"]

1. d4 Nf6 2. c4 e6 3. a3 b6 4. e3 Bb7 5. Nf3 Be7 6. Bd3 O-O 7. Nbd2 d5 8. b4
dxc4 9. Nxc4 c5 10. bxc5 bxc5 11. O-O cxd4 12. Rb1 Bd5 13. Nxd4 Nbd7 14. f3 Rc8
15. Nd2 Nc5 16. Be2 Ba8 17. Bb2 Nd5 18. Nc4 Bg5 19. e4 Nf4 20. g3 Nxe2+ 21.
Qxe2 Na4 22. Ba1 Bf6 23. Rfd1 Qc7 24. Rb4 Nb6 25. Nxb6 axb6 26. Nb5 Qc5+ 27.
Qf2 Qxf2+ 28. Kxf2 Rc2+ 29. Ke3 Bxa1 30. Rxa1 Rd8 31. Rd4 Rxd4 32. Nxd4 Rb2 33.
Rc1 Bb7 34. Rc7 e5 35. Rxb7 exd4+ 36. Kxd4 g6 37. Ke5 Kg7 38. h4 Rb3 39. Kf4
Rxa3 40. Rxb6 Ra7 41. g4 h6 42. h5 gxh5 43. gxh5 Ra5 44. Kg4 Rg5+ 45. Kh4 Rg1
46. e5 Rh1+ 47. Kg4 Rg1+ 1/2-1/2

[Event "Thüringenliga 2011/2012"]
[Site "?"]
[Date "2012.04.01"]
[Round "8"]
[White "Siebarth, Raiko"]
[Black "Seidel, Thomas"]
[Result "1-0"]
[WhiteElo "2189"]
[BlackElo "1945"]
[PlyCount "83"]
[EventDate "2011.??.??"]
[WhiteTeam "SG Blau-Weiß Stadtilm"]
[BlackTeam "SG Arnstadt-Stadtilm"]

1. c4 e6 2. Nc3 d5 3. d4 Nf6 4. Bf4 c6 5. e3 Be7 6. cxd5 exd5 7. Bd3 Nbd7 8.
Nge2 Nh5 9. Bg3 Nxg3 10. Nxg3 Nf6 11. O-O O-O 12. Rb1 Re8 13. b4 a6 14. a4 Bd7
15. b5 axb5 16. axb5 Ra3 17. bxc6 bxc6 18. Nce2 Bd6 19. Nf5 Bxf5 20. Bxf5 g6
21. Bh3 Ne4 22. g3 h5 23. Bg2 h4 24. Qc2 hxg3 25. hxg3 Qa8 26. Bxe4 Rxe4 27.
Rb6 Ra6 28. Rxa6 Qxa6 29. Rc1 Re6 30. Kg2 Kg7 31. Ng1 Be7 32. Nh3 Qb7 33. Nf4
Rf6 34. Nd3 Re6 35. Rb1 Qa8 36. Qb2 Qa6 37. Nf4 Rf6 38. Qb7 Qa3 39. Qc8 Bd6 40.
Rh1 Bf8 41. Qh3 Rxf4 42. Qh8# 1-0

[Event "Thüringenliga 2011/2012"]
[Site "?"]
[Date "2012.04.01"]
[Round "8"]
[White "Sauer, Marko"]
[Black "Rätsch, Heinz"]
[Result "0-1"]
[WhiteElo "1939"]
[BlackElo "2102"]
[PlyCount "90"]
[EventDate "2011.??.??"]
[WhiteTeam "SG Arnstadt-Stadtilm"]
[BlackTeam "SG Blau-Weiß Stadtilm"]

1. c4 e5 2. Nc3 Nf6 3. g3 Bb4 4. Bg2 O-O 5. Qb3 Na6 6. a3 Be7 7. d3 c6 8. Nf3
d6 9. O-O h6 10. Qc2 Be6 11. b4 Qd7 12. Rd1 Bh3 13. Bh1 Qe6 14. b5 Nc5 15. bxc6
bxc6 16. d4 Ncd7 17. d5 cxd5 18. cxd5 Qg4 19. Rb1 Rfc8 20. Rb4 Rc4 21. e4 Rc7
22. Bd2 a5 23. Rb5 Nc5 24. Ne1 Qc8 25. Qb1 a4 26. Be3 Ng4 27. Bxc5 Rxc5 28.
Nxa4 Rxb5 29. Qxb5 Qa6 30. Qxa6 Rxa6 31. Nc3 Rxa3 32. Nb1 Ra4 33. Nd2 Bd8 34.
Rb1 Ba5 35. Nef3 Ra2 36. Rd1 Bb6 37. Bg2 Bxf2+ 38. Kh1 Be3 39. Bxh3 Nf2+ 40.
Kg2 Nxd1 41. Kf1 Nc3 42. Nc4 Rf2+ 43. Ke1 Rxf3 44. Bg2 Rf2 45. Bf1 Bc5 0-1

[Event "Thüringenliga 2011/2012"]
[Site "?"]
[Date "2012.04.01"]
[Round "8"]
[White "George, Tom"]
[Black "Bächer, Reinhard"]
[Result "1/2-1/2"]
[WhiteElo "1806"]
[BlackElo "1881"]
[PlyCount "41"]
[EventDate "2011.??.??"]
[WhiteTeam "SG Blau-Weiß Stadtilm"]
[BlackTeam "SG Arnstadt-Stadtilm"]

1. e4 c6 2. Nc3 d5 3. f4 dxe4 4. Nxe4 Nf6 5. Nf2 e6 6. Nf3 Bd6 7. g3 Nbd7 8.
Nd3 Qc7 9. Qe2 O-O 10. b3 b6 11. Nde5 Nd5 12. Bh3 N7f6 13. Bb2 a5 14. O-O b5
15. Rfe1 a4 16. Kh1 b4 17. Nc4 Ba6 18. Be5 Bxe5 19. Nfxe5 c5 20. Kg1 Bb5 21.
Qf2 1/2-1/2

[Event "Thüringenliga 2011/2012"]
[Site "?"]
[Date "2012.04.01"]
[Round "8"]
[White "Marufke, Kai"]
[Black "Siebarth, Marco"]
[Result "1/2-1/2"]
[WhiteElo "1829"]
[BlackElo "1981"]
[PlyCount "69"]
[EventDate "2011.??.??"]
[WhiteTeam "SG Arnstadt-Stadtilm"]
[BlackTeam "SG Blau-Weiß Stadtilm"]

1. e4 c5 2. f4 Nc6 3. Nc3 d6 4. Nf3 g6 5. Be2 Bg7 6. O-O e6 7. d3 Nge7 8. Bd2
O-O 9. Qe1 Nd4 10. Nxd4 cxd4 11. Nd1 b6 12. c3 Bb7 13. Kh1 f5 14. Bf3 e5 15.
cxd4 exd4 16. Nf2 Rc8 17. Rc1 Qd7 18. Qe2 Ba6 19. g4 fxe4 20. Qxe4 d5 21. Qe2
Rxc1 22. Rxc1 Re8 23. Re1 Bb7 24. Qe6+ Qxe6 25. Rxe6 Bf8 26. Re1 Rc8 27. Rc1
Kf7 28. Rxc8 Nxc8 29. Kg2 a5 30. g5 Nd6 31. Ng4 Nf5 32. Nf6 Nh4+ 33. Kf2 Nxf3
34. Kxf3 Be7 35. Nxh7 1/2-1/2

[Event "Thüringenliga 2011/2012"]
[Site "?"]
[Date "2012.04.01"]
[Round "8"]
[White "Dittrich, Hans-Georg"]
[Black "Schätz, Bianca"]
[Result "1/2-1/2"]
[WhiteElo "1660"]
[BlackElo "1785"]
[PlyCount "71"]
[EventDate "2011.??.??"]
[WhiteTeam "SG Blau-Weiß Stadtilm"]
[BlackTeam "SG Arnstadt-Stadtilm"]

1. e4 c5 2. Nf3 Nc6 3. d4 cxd4 4. Nxd4 g6 5. Nc3 Bg7 6. Be3 Nf6 7. f3 O-O 8.
Qd2 d5 9. O-O-O dxe4 10. Nxe4 Nxe4 11. fxe4 Nxd4 12. Bxd4 e5 13. Bc5 Qxd2+ 14.
Rxd2 Bh6 15. Bxf8 Kxf8 16. Bc4 Ke7 17. Rf1 f6 18. Bd5 a5 19. c4 Ra6 20. Kc2
Bxd2 21. Kxd2 f5 22. g3 Rf6 23. Kc3 b6 24. b4 axb4+ 25. Kxb4 Bd7 26. a4 Kd6 27.
Rd1 Bc6 28. Bg8+ Kc7 29. exf5 gxf5 30. Bxh7 f4 31. gxf4 exf4 32. Rd2 f3 33. Bd3
f2 34. Bf1 Rf5 35. h4 Be8 36. Kb3 1/2-1/2

[Event "Thüringenliga 2011/2012"]
[Site "?"]
[Date "2012.04.01"]
[Round "8"]
[White "Schumacher, Andreas"]
[Black "Berner, Stephan"]
[Result "0-1"]
[WhiteElo "1688"]
[BlackElo "1757"]
[PlyCount "116"]
[EventDate "2011.??.??"]
[WhiteTeam "SG Arnstadt-Stadtilm"]
[BlackTeam "SG Blau-Weiß Stadtilm"]

1. d4 d5 2. c4 c6 3. cxd5 cxd5 4. Nc3 Nc6 5. Nf3 Nf6 6. Bf4 e6 7. a3 Be7 8. e3
a6 9. Bd3 O-O 10. Qc2 Bd7 11. O-O Rc8 12. Rac1 h6 13. h3 Na5 14. Ne5 Nc4 15.
Nxd7 Qxd7 16. Qe2 b5 17. Bxc4 Rxc4 18. Na2 Rfc8 19. Rxc4 Rxc4 20. Rc1 Qc6 21.
Rxc4 Qxc4 22. Qxc4 dxc4 23. Bc7 Nd5 24. Ba5 Kf8 25. Kf1 Ke8 26. Ke2 Kd7 27. Kd2
h5 28. Nc3 Kc6 29. Nxd5 Kxd5 30. Ke2 g6 31. g3 Bd6 32. Bb4 Bc7 33. Bc5 e5 34.
Kf3 exd4 35. exd4 f5 36. Ke3 Bd8 37. h4 Bf6 38. Bb6 Bg7 39. Bc5 Bh6+ 40. f4 Bg7
41. Bb6 Bf8 42. Ba5 Bd6 43. Bd2 Bc7 44. Be1 Bb6 45. Bc3 a5 46. b3 b4 47. axb4
axb4 48. Bb2 c3 49. Bc1 Bxd4+ 50. Kf3 Bc5 51. Be3 c2 52. Bd2 Kd4 53. Ke2 Bd6
54. Bc1 Kc3 55. Ke1 Bc5 56. Ke2 Bd4 57. Bd2+ Kxb3 58. Kd3 Bb2 0-1

[Event "Thüringenliga 2011/2012"]
[Site "?"]
[Date "2012.04.01"]
[Round "8"]
[White "Schröter, Maik"]
[Black "Widmann, Benjamin"]
[Result "0-1"]
[WhiteElo "1695"]
[BlackElo "1758"]
[PlyCount "88"]
[EventDate "2011.??.??"]
[WhiteTeam "SG Blau-Weiß Stadtilm"]
[BlackTeam "SG Arnstadt-Stadtilm"]

1. e4 c5 2. Nf3 Nc6 3. d4 cxd4 4. Nxd4 g6 5. Bc4 Bg7 6. Nxc6 bxc6 7. O-O e6 8.
c3 d5 9. exd5 cxd5 10. Bb5+ Bd7 11. Qa4 Rb8 12. Bxd7+ Qxd7 13. Qxd7+ Kxd7 14.
Rd1 Ne7 15. Nd2 Rhc8 16. Nb3 Nf5 17. Bf4 e5 18. Rxd5+ Ke6 19. Rad1 exf4 20.
Nc5+ Rxc5 21. Rxc5 Rxb2 22. Rc6+ Ke5 23. c4 Rxa2 24. g4 fxg3 25. hxg3 Ke4 26.
Rc8 Bd4 27. Re8+ Kf3 28. Rd3+ Kg4 29. Re4+ Kg5 30. Rexd4 Nxd4 31. Rxd4 Kf5 32.
c5 Ra6 33. Rd7 Ke6 34. c6 h5 35. Kg2 f6 36. Kf3 g5 37. Rh7 Ra3+ 38. Ke2 a5 39.
Kd2 Ra2+ 40. Kc1 Ra4 41. Kb2 Rc4 42. Kb3 Rxc6 43. Rxh5 Kf5 44. f3 Re6 0-1

[Event "Thüringenliga 2011/2012"]
[Site "?"]
[Date "2012.04.01"]
[Round "8"]
[White "Langheinrich, Ferenc"]
[Black "Müller, Michael"]
[Result "1/2-1/2"]
[WhiteElo "2346"]
[BlackElo "2218"]
[PlyCount "73"]
[EventDate "2011.??.??"]
[WhiteTeam "SC 51 Nordhausen"]
[BlackTeam "SSV Vimaria 91 Weimar"]

1. e4 c5 2. Nf3 d6 3. d4 cxd4 4. Nxd4 Nf6 5. Nc3 g6 6. Be3 Bg7 7. f3 Nc6 8. Qd2
Bd7 9. O-O-O h5 10. h3 h4 11. f4 Nh5 12. Bc4 Ng3 13. Rhe1 Na5 14. Bb3 Rc8 15.
e5 dxe5 16. fxe5 Nxb3+ 17. Nxb3 b6 18. Bg5 Bc6 19. Nd4 Nf5 20. Qf2 Nxd4 21.
Rxd4 Qc7 22. Rxh4 Rxh4 23. Qxh4 Bxe5 24. Bxe7 Qxe7 25. Qxe7+ Kxe7 26. Rxe5+ Kd6
27. Re2 f5 28. Kd2 a6 29. Rf2 Ke5 30. Ke3 g5 31. Rd2 b5 32. a3 a5 33. Kf2 b4
34. axb4 axb4 35. Na2 Rb8 36. Re2+ Be4 37. Rd2 1/2-1/2

[Event "Thüringenliga 2011/2012"]
[Site "?"]
[Date "2012.04.01"]
[Round "8"]
[White "Albrecht, Jürgen"]
[Black "Kuntze, Andreas"]
[Result "1-0"]
[WhiteElo "2075"]
[BlackElo "2025"]
[PlyCount "117"]
[EventDate "2011.??.??"]
[WhiteTeam "SSV Vimaria 91 Weimar"]
[BlackTeam "SC 51 Nordhausen"]

1. e4 d6 2. d4 Nf6 3. Nc3 e5 4. Nf3 Nbd7 5. Be2 Be7 6. O-O O-O 7. a4 c6 8. h3
b6 9. Be3 a6 10. Nd2 Rb8 11. f4 b5 12. axb5 axb5 13. Bf3 Qb6 14. Nb3 exf4 15.
Bxf4 Ne5 16. Kh1 Nxf3 17. Qxf3 Bb7 18. e5 c5 19. Qe2 Nd5 20. Nxd5 Bxd5 21. exd6
Bxd6 22. dxc5 Bxc5 23. Nxc5 Qxc5 24. Bxb8 Rxb8 25. Qf2 Qc6 26. Rfd1 h6 27. Rd4
Be6 28. Kg1 Rc8 29. c3 Bc4 30. Rad1 Qb6 31. Rd6 Qa5 32. Qd4 Qa2 33. Rd8+ Rxd8
34. Qxd8+ Kh7 35. Rd2 Qb1+ 36. Kh2 Qf1 37. Qd4 Qb1 38. Qf2 Qe4 39. Rd4 Qb1 40.
Rf4 Qc1 41. Re4 Be6 42. Re1 Qg5 43. Qe3 Qf6 44. Qe4+ g6 45. Qe5 Kg7 46. Kg1 Bc4
47. Re4 g5 48. Qxf6+ Kxf6 49. Kf2 Kf5 50. Re8 h5 51. Rc8 h4 52. b3 Bd3 53. Rc5+
Kf4 54. Rd5 Be4 55. Rxb5 f5 56. Rb8 g4 57. hxg4 fxg4 58. Rf8+ Kg5 59. c4 1-0

[Event "Thüringenliga 2011/2012"]
[Site "?"]
[Date "2012.04.01"]
[Round "8"]
[White "Koksch, Robert"]
[Black "Günther, Andreas"]
[Result "1/2-1/2"]
[WhiteElo "1909"]
[BlackElo "2143"]
[PlyCount "38"]
[EventDate "2011.??.??"]
[WhiteTeam "SC 51 Nordhausen"]
[BlackTeam "SSV Vimaria 91 Weimar"]

1. d4 f5 2. c4 Nf6 3. Nc3 d6 4. Nf3 g6 5. e3 Bg7 6. Bd3 O-O 7. O-O Nc6 8. Qe2
e5 9. dxe5 dxe5 10. Rd1 Qe8 11. e4 f4 12. Nd5 Rf7 13. Bd2 Bg4 14. Bc3 g5 15. b4
Nd8 16. c5 c6 17. Nxf6+ Rxf6 18. Bc4+ Kh8 19. Qd3 Nf7 1/2-1/2

[Event "Thüringenliga 2011/2012"]
[Site "?"]
[Date "2012.04.01"]
[Round "8"]
[White "Rensch, Toralf"]
[Black "Königsmann, Marcus"]
[Result "1-0"]
[WhiteElo "2028"]
[BlackElo "1883"]
[PlyCount "49"]
[EventDate "2011.??.??"]
[WhiteTeam "SSV Vimaria 91 Weimar"]
[BlackTeam "SC 51 Nordhausen"]

1. e4 c5 2. Nf3 e6 3. d4 cxd4 4. Nxd4 Nf6 5. Bd3 a6 6. O-O Be7 7. c4 Qc7 8. Nc3
b6 9. Be3 Bb7 10. Rc1 O-O 11. Qe2 d6 12. f3 Nbd7 13. Rfd1 Rac8 14. b3 Qb8 15.
Na4 Ba8 16. Qf2 d5 17. exd5 exd5 18. Nf5 Ba3 19. Nxb6 Nxb6 20. Bxb6 Bxc1 21.
Rxc1 Rfe8 22. Bd4 Re6 23. Qh4 h6 24. Nxh6+ Kf8 25. Nf5 1-0

[Event "Thüringenliga 2011/2012"]
[Site "?"]
[Date "2012.04.01"]
[Round "8"]
[White "Schilling, Rolf"]
[Black "Riedel, Finn"]
[Result "0-1"]
[WhiteElo "1960"]
[BlackElo "2027"]
[PlyCount "66"]
[EventDate "2011.??.??"]
[WhiteTeam "SC 51 Nordhausen"]
[BlackTeam "SSV Vimaria 91 Weimar"]

1. e4 c6 2. d4 d5 3. exd5 cxd5 4. c4 dxc4 5. Bxc4 e6 6. Nc3 Nf6 7. Bg5 Be7 8.
Nf3 Nc6 9. O-O O-O 10. Re1 b6 11. a3 Bb7 12. Qd3 a6 13. Rad1 b5 14. Ba2 b4 15.
Ne2 bxa3 16. bxa3 Qa5 17. Bxf6 Bxf6 18. Bb1 g6 19. Nf4 Rfd8 20. d5 Ne7 21. d6
Nf5 22. d7 Bxf3 23. Qxf3 Nd4 24. Qe4 Ra7 25. Rxd4 Bxd4 26. Nxe6 Rdxd7 27. Nxd4
Rxd4 28. Qe8+ Kg7 29. g3 Rad7 30. Ba2 Qxe1+ 31. Qxe1 Rd1 32. Kf1 Rxe1+ 33. Kxe1
Rd3 0-1

[Event "Thüringenliga 2011/2012"]
[Site "?"]
[Date "2012.04.01"]
[Round "8"]
[White "Philipp, Michael"]
[Black "Reichardt, Hans-Ulrich"]
[Result "1/2-1/2"]
[WhiteElo "1936"]
[BlackElo "1701"]
[PlyCount "32"]
[EventDate "2011.??.??"]
[WhiteTeam "SSV Vimaria 91 Weimar"]
[BlackTeam "SC 51 Nordhausen"]

1. e4 e6 2. c4 d5 3. cxd5 exd5 4. exd5 Qxd5 5. Nc3 Qd8 6. Bc4 c6 7. d4 Bd6 8.
Nge2 Nf6 9. O-O O-O 10. Ng3 Ng4 11. Nce4 h6 12. f3 Nxh2 13. Nxd6 Nxf1 14. Nxf7
Rxf7 15. Kxf1 Qe7 16. Qb3 b5 1/2-1/2

[Event "Thüringenliga 2011/2012"]
[Site "?"]
[Date "2012.04.01"]
[Round "8"]
[White "Hüllenhagen, Andreas"]
[Black "Stiefel, Roland"]
[Result "0-1"]
[WhiteElo "1646"]
[BlackElo "1998"]
[PlyCount "74"]
[EventDate "2011.??.??"]
[WhiteTeam "SC 51 Nordhausen"]
[BlackTeam "SSV Vimaria 91 Weimar"]

1. d4 c5 2. e3 Nf6 3. Nf3 e6 4. Bd3 b6 5. O-O Be7 6. Nbd2 O-O 7. c3 Ba6 8. c4
d5 9. dxc5 dxc4 10. Bxc4 Bxc4 11. Nxc4 Bxc5 12. Qxd8 Rxd8 13. b3 Nc6 14. Bb2
Ne4 15. Rad1 f6 16. Nfd2 Nxd2 17. Rxd2 b5 18. Rxd8+ Rxd8 19. Na3 Bxa3 20. Bxa3
Rd2 21. Bc5 Rxa2 22. Rb1 a5 23. Kf1 Ne5 24. h3 Nd3 25. Bb6 Rxf2+ 26. Kg1 Ra2
27. Rd1 Ne5 28. Bc7 Kf7 29. Bxe5 fxe5 30. Rd7+ Kf6 31. Rb7 b4 32. Ra7 Re2 33.
Rxa5 Rxe3 34. Rb5 Rxb3 35. Kf2 h5 36. g3 Kf5 37. Rb8 Ke4 0-1

[Event "Thüringenliga 2011/2012"]
[Site "?"]
[Date "2012.04.01"]
[Round "8"]
[White "Gulich, Christian"]
[Black "Viererbe, Hartmut"]
[Result "1-0"]
[WhiteElo "1963"]
[BlackElo "1610"]
[PlyCount "43"]
[EventDate "2011.??.??"]
[WhiteTeam "SSV Vimaria 91 Weimar"]
[BlackTeam "SC 51 Nordhausen"]

1. e4 c5 2. Nf3 Nf6 3. e5 Nd5 4. Nc3 e6 5. Nxd5 exd5 6. d4 d6 7. Bb5+ Nc6 8.
O-O a6 9. Bxc6+ bxc6 10. Re1 Be7 11. exd6 Qxd6 12. Qe2 Be6 13. Ne5 cxd4 14. Bf4
Qc5 15. Nxf7 Bxf7 16. b4 Qxb4 17. Rab1 Qc5 18. Bg5 O-O 19. Bxe7 Qa7 20. Bxf8
Kxf8 21. Qe5 Qc5 22. Rb8+ 1-0

[Event "Thüringenliga 2011/2012"]
[Site "?"]
[Date "2012.04.01"]
[Round "8"]
[White "Goemann, Jens"]
[Black "Bräuer, Franz"]
[Result "0-1"]
[WhiteElo "2113"]
[BlackElo "2261"]
[PlyCount "130"]
[EventDate "2011.??.??"]
[WhiteTeam "TSG Apolda"]
[BlackTeam "SV Jenapharm Jena"]

1. g3 g6 2. Bg2 Bg7 3. c4 c5 4. Nf3 Nc6 5. O-O e5 6. Nc3 Nge7 7. Ne1 O-O 8. Nc2
a6 9. Ne3 b5 10. cxb5 axb5 11. Nxb5 d5 12. Nc2 Qb6 13. a4 Ba6 14. Nca3 Na7 15.
Nxa7 Rxa7 16. d3 Rd8 17. Rb1 Nc6 18. Bg5 Rdd7 19. Be3 Rac7 20. Nc2 Qa5 21. Qd2
Qxa4 22. Bxc5 e4 23. b4 exd3 24. exd3 Bb5 25. Rfe1 Rc8 26. d4 Qa8 27. Bh3 f5
28. Bg2 Kf7 29. Qe3 Re8 30. Qf3 Re4 31. Rxe4 dxe4 32. Qb3+ Kf6 33. Ra1 Qd8 34.
f3 Nxd4 35. Nxd4 Rxd4 36. fxe4 Bc4 37. e5+ Kf7 38. Ra7+ Kg8 39. Qxc4+ Rxc4 40.
Ra8 Qxa8 41. Bxa8 Rc1+ 42. Kg2 Bxe5 43. Bf3 Kg7 44. Be2 Kf6 45. Bf2 Rc2 46. Kf1
g5 47. h3 Rb2 48. b5 h5 49. b6 g4 50. hxg4 hxg4 51. Bc4 Kg5 52. Bd5 Bxg3 53.
Bxg3 Rxb6 54. Bc7 Rb1+ 55. Kg2 f4 56. Bd8+ Kf5 57. Bc7 Rb2+ 58. Kg1 Rc2 59. Bb8
Rc8 60. Ba7 Kg5 61. Be4 Re8 62. Bc6 Re2 63. Bb8 Rd2 64. Be5 f3 65. Bg3 Rg2+ 0-1

[Event "Thüringenliga 2011/2012"]
[Site "?"]
[Date "2012.04.01"]
[Round "8"]
[White "Neidig, Stefan"]
[Black "Maiwald, Harald"]
[Result "1-0"]
[WhiteElo "2092"]
[BlackElo "2005"]
[PlyCount "51"]
[EventDate "2011.??.??"]
[WhiteTeam "SV Jenapharm Jena"]
[BlackTeam "TSG Apolda"]

1. Nf3 d5 2. d4 Nf6 3. Bf4 g6 4. Nbd2 Bg7 5. h3 O-O 6. e3 c5 7. c3 Nbd7 8. Be2
b6 9. O-O Bb7 10. a4 a6 11. Ne5 Ne4 12. Nxd7 Nxd2 13. Nxf8 Nxf1 14. Nxg6 Nxe3
15. Nxe7+ Qxe7 16. Bxe3 cxd4 17. cxd4 Re8 18. Bd3 Qh4 19. Rc1 Bc8 20. Bf1 Qd8
21. Qh5 Re6 22. Bd3 Bd7 23. Bxh7+ Kf8 24. Qxd5 Qe8 25. Bf4 Re1+ 26. Kh2 1-0

[Event "Thüringenliga 2011/2012"]
[Site "?"]
[Date "2012.04.01"]
[Round "8"]
[White "Rohmeiß, Roberto"]
[Black "Middelhoff, Cornelius"]
[Result "1/2-1/2"]
[WhiteElo "2035"]
[BlackElo "2003"]
[PlyCount "81"]
[EventDate "2011.??.??"]
[WhiteTeam "TSG Apolda"]
[BlackTeam "SV Jenapharm Jena"]

1. d4 Nf6 2. c4 c5 3. d5 e6 4. Nc3 exd5 5. cxd5 Bd6 6. Nf3 O-O 7. Bg5 Re8 8. e3
a6 9. a4 h6 10. Bh4 Bf8 11. Bd3 d6 12. Nd2 Nbd7 13. O-O Ne5 14. Be2 Ng6 15. Bg3
Bf5 16. Nc4 Ne5 17. Bxe5 dxe5 18. f3 b5 19. axb5 axb5 20. Rxa8 Qxa8 21. Nxb5
Qxd5 22. e4 Qxd1 23. Rxd1 Bd7 24. Nc7 Rc8 25. Nd5 Bb5 26. Kf2 Nxd5 27. Rxd5
Bxc4 28. Bxc4 Re8 29. Rd7 Re7 30. Rd8 g6 31. Rc8 Rd7 32. Bd5 Kg7 33. Ra8 Bd6
34. b3 Be7 35. Ke3 Rd8 36. Ra7 Kf6 37. Kd3 g5 38. Kc4 Rb8 39. Rb7 Rxb7 40. Bxb7
Ke6 41. Bd5+ 1/2-1/2

[Event "Thüringenliga 2011/2012"]
[Site "?"]
[Date "2012.04.01"]
[Round "8"]
[White "Darr, Sascha"]
[Black "Schmidt, Matthias"]
[Result "1-0"]
[WhiteElo "2068"]
[BlackElo "1939"]
[PlyCount "35"]
[EventDate "2011.??.??"]
[WhiteTeam "SV Jenapharm Jena"]
[BlackTeam "TSG Apolda"]

1. e4 e6 2. d4 d5 3. Nc3 Bb4 4. e5 Qd7 5. a3 Bf8 6. Nf3 b6 7. Bb5 c6 8. Ba4 a5
9. Ne2 f5 10. exf6 Nxf6 11. c3 Bd6 12. O-O Qc7 13. Re1 O-O 14. Ng3 Ng4 15. Bc2
e5 16. dxe5 Nxe5 17. Nxe5 Bxe5 18. Qh5 1-0

[Event "Thüringenliga 2011/2012"]
[Site "?"]
[Date "2012.04.01"]
[Round "8"]
[White "Zipfel, Frank"]
[Black "Krug, Klaus-Peter"]
[Result "1-0"]
[WhiteElo "1998"]
[BlackElo "1954"]
[PlyCount "72"]
[EventDate "2011.??.??"]
[WhiteTeam "SV Jenapharm Jena"]
[BlackTeam "TSG Apolda"]

1. e4 e6 2. Qe2 c5 3. Nf3 b6 4. g3 Bb7 5. Bg2 Nf6 6. d3 Be7 7. O-O d6 8. Nbd2
Nbd7 9. c3 Qc7 10. b3 O-O 11. Bb2 Rfe8 12. d4 Nf8 13. e5 N6d7 14. exd6 Bxd6 15.
Ne4 Be7 16. c4 f5 17. Nc3 a6 18. Rfe1 Bf6 19. dxc5 Nxc5 20. b4 Ncd7 21. Rac1
Rac8 22. Na4 e5 23. c5 b5 24. Nc3 Ne6 25. Red1 e4 26. Ne1 Nd4 27. Qd2 Ne5 28.
Nxe4 fxe4 29. Bxd4 Red8 30. Bxe5 Qxe5 31. Qe3 Qb2 32. Bh3 Bd4 33. Be6+ Kh8 34.
Bxc8 Qxf2+ 35. Qxf2 Bxf2+ 36. Kxf2 Rf8+ 1-0